| 000 | 01753nam0a2200313 4500 | ||
|---|---|---|---|
| 001 | RU\NLR\bibl\817237 | ||
| 005 | 20260405104839.0 | ||
| 010 |
_a5-7636-0528-4 _9150 |
||
| 021 |
_aRU _b2005-29115 _91455 |
||
| 035 | _a(NLR Aleph) 000806166 | ||
| 090 |
_a1212121 _c1212121 |
||
| 100 | _a20050707d2003 |||y0rusy50 ca | ||
| 101 | 0 | _arus | |
| 102 | _aRU | ||
| 105 | _aa ||||||||| | ||
| 200 | 1 |
_aМатематические основы АСУ химико-технологическими процессами _eучебное пособие для студентов по напрвлению подготовки 654700 "Информационные системы" _fВ.И. Быков, С.Б. Цыбенова _gМ-во образования Рос. Федерации, Краснояр. гос. техн. ун-т |
|
| 210 |
_aКрасноярск _cИПЦ КГТУ _d2003 |
||
| 215 |
_a140 с. _cил. _d21 |
||
| 320 | _aБиблиогр.: с. 138-140 (59 назв.) | ||
| 606 | 1 |
_aАСУ технологическими процессами в химической технологии _jРуководства, пособия и т.п. для высшей школы _91041895 _3RU\NLR\auth\6683400 |
|
| 606 | 1 |
_aХимико-технологические процессы _jУчебные издания для высших учебных заведений _xАСУ _92272694 _3RU\NLR\auth\661362091 |
|
| 686 | _aЛ11-5-05я73-1 | ||
| 700 | 1 |
_4070 _8rus _7ca _aБыков _bВ. И. _cд-р физ.-мат. наук _f1945- _gВалерий Иванович _3RU\NLR\auth\7740230 _923182 |
|
| 701 | 1 |
_aЦыбенова _bС. Б. _4070 |
|
| 801 | 0 |
_aRU _bNLR _c20050707 _grcr |
|
| 801 | 1 |
_aRU _bNLR _c20050707 |
|
| 942 | _cBOOK | ||
| 980 | _aNB | ||